The Internet / (Record no. 2934)
[ view plain ]
| 000 -LEADER | |
|---|---|
| fixed length control field | 00568nam a22002052 4500 |
| 001 - CONTROL NUMBER | |
| control field | 0000005216 |
| 005 - DATE AND TIME OF LATEST TRANSACTION | |
| control field | 20151217145824.0 |
| 008 - FIXED-LENGTH DATA ELEMENTS--GENERAL INFORMATION | |
| fixed length control field | 070608s xx 000 0 eng d |
| 020 ## - INTERNATIONAL STANDARD BOOK NUMBER | |
| International Standard Book Number | 9966994815 : |
| Terms of availability | KES 630 |
| 040 ## - CATALOGING SOURCE | |
| Original cataloging agency | KABU |
| Transcribing agency | KABU |
| 050 #0 - LIBRARY OF CONGRESS CALL NUMBER | |
| Classification number | TK5105.875 |
| Item number | .O58 1998 |
| 100 1# - MAIN ENTRY--PERSONAL NAME | |
| Personal name | Onunga, John. |
| -- | 0000156380 |
| 245 14 - TITLE STATEMENT | |
| Title | The Internet / |
| Statement of responsibility, etc. | John Onunga. |
| 260 ## - PUBLICATION, DISTRIBUTION, ETC. (IMPRINT) | |
| Place of publication, distribution, etc. | Nairobi : |
| Name of publisher, distributor, etc. | Information Systems Academy, |
| Date of publication, distribution, etc. | 1998. |
| 300 ## - PHYSICAL DESCRIPTION | |
| Extent | 279 p. |
| 650 ## - SUBJECT ADDED ENTRY--TOPICAL TERM | |
| Topical term or geographic name as entry element | Internet |
| 908 ## - PUT COMMAND PARAMETER (RLIN) | |
| Put command parameter | 070608 |
| 950 ## - LOCAL HOLDINGS (RLIN) | |
| -- | 1 |
| Withdrawn status | Lost status | Source of classification or shelving scheme | Not for loan | Home library | Current library | Date acquired | Total Checkouts | Full call number | Barcode | Date last seen | Price effective from | Koha item type | Date last checked out |
|---|---|---|---|---|---|---|---|---|---|---|---|---|---|
| Library of Congress Classification | Kabarak, Main Campus | Kabarak, Main Campus | 17/12/2015 | TK5105.875 .O58 1998 | 008231 | 17/12/2015 | 17/12/2015 | General Collection | |||||
| Library of Congress Classification | Kabarak, Main Campus | Kabarak, Main Campus | 17/12/2015 | TK5105.875 .O58 1998 | 008224 | 17/12/2015 | 17/12/2015 | General Collection | |||||
| Library of Congress Classification | Kabarak, Main Campus | Kabarak, Main Campus | 17/12/2015 | TK5105.875 .O58 1998 | 008226 | 17/12/2015 | 17/12/2015 | General Collection | |||||
| Library of Congress Classification | Kabarak, Main Campus | Kabarak, Main Campus | 17/12/2015 | TK5105.875 .O58 1998 | 008227 | 17/12/2015 | 17/12/2015 | General Collection | |||||
| Library of Congress Classification | Kabarak, Main Campus | Kabarak, Main Campus | 17/12/2015 | TK5105.875 .O58 1998 | 008228 | 17/12/2015 | 17/12/2015 | General Collection | |||||
| Library of Congress Classification | Kabarak, Main Campus | Kabarak, Main Campus | 17/12/2015 | TK5105.875 .O58 1998 | 008229 | 17/12/2015 | 17/12/2015 | General Collection | |||||
| Library of Congress Classification | Kabarak, Main Campus | Kabarak, Main Campus | 17/12/2015 | 1 | TK5105.875 .O58 1998 | 008230 | 05/04/2017 | 17/12/2015 | General Collection | 17/03/2017 | |||
| Library of Congress Classification | Kabarak, Main Campus | Kabarak, Main Campus | 17/12/2015 | TK5105.875 .O58 1998 | 008232 | 17/12/2015 | 17/12/2015 | General Collection | |||||
| Library of Congress Classification | Kabarak, Main Campus | Kabarak, Main Campus | 17/12/2015 | TK5105.875 .O58 1998 | 008233 | 17/12/2015 | 17/12/2015 | General Collection | |||||
| Library of Congress Classification | Kabarak, Main Campus | Kabarak, Main Campus | 17/12/2015 | TK5105.875 .O58 1998 | 008225 | 17/12/2015 | 17/12/2015 | General Collection |